Vista normal Vista MARC

Entrada Personal Name

Número de registros utilizados en: 1

001 - CONTROL NUMBER

  • control field: 38759

003 - CONTROL NUMBER IDENTIFIER

  • control field: OSt

005 - DATE AND TIME OF LATEST TRANSACTION

  • control field: 20210727094357.0

008 - FIXED-LENGTH DATA ELEMENTS

  • fixed length control field: 210727|| aca||aabn | a|a d

040 ## - CATALOGING SOURCE

  • Original cataloging agency: OSt
  • Transcribing agency: OSt

100 ## - HEADING--PERSONAL NAME

  • Personal name: Ostroviesky, Heber

670 ## - SOURCE DATA FOUND

  • Source citation: Work cat.: (OSt)11941: Piketty, Thomas, autor 6420, La crisis del capital en el siglo XXI: , 2015.